European Race Tracks - Statistics

General Stats
  • This quiz has been taken 63 times
  • The average score is 12 of 14
Answer Stats
Answer % Correct
Circuit de Monaco
98%
Spa Francorchamps | Circuit Zolder
98%
Nürburgring | Hockenheimring | Oschersleben | Norisring + 2 others
96%
Barcelona-Catalunya | Jerez | Aragón | Valencia + 2 others
94%
Mugello | Imola | Monza | Misano + 5 others
94%
Red Bull Ring | Salzburgring
94%
Silverstone | Brands Hatch | Donington | Snetterton + 5 others
94%
Hungaroring | Balaton Park
93%
Igora Drive | Moscow Raceway | Sochi Autodrom
91%
Paul Ricard | Nevers Magny-Cours | Le Mans | Lédenon + 5 others
91%
Circuit Zandvoort | TT Circuit Assen
85%
Estoril | Portimão | Vila Real
80%
Brno Circuit | Autodrom Most
69%
Slovakia Ring
37%
No matching quizzes found
Score Distribution
Percent of People with Each Score
Percentile by Number Answered
Your Score History
You have not taken this quiz